Introdução à leitura d'Os Maias (Registo nº 201895)

Detalhes MARC
000 -Etiqueta do registo
Valores 00519nam 22001813 4500
100 ## - Dados gerais de processamento
Dados gerais 20260422d u||y0pory50 ba
200 ## - Titulo e menção de responsabilidade
Título próprio Introdução à leitura d'Os Maias
Primeira menção de responsabilidade Carlos Reis
210 ## - Publicação
Local de publicação Paço de Arcos
Nome do editor Expresso
Data de publicação imp. 2013
215 ## - Descrição física 
Paginação / Volumes 126 p.
Outras indicações físicas brochado
Dimensões 19 cm
225 ## - Colecção 
Título próprio da colecção Eça agora
Número de parte ou secção 7
606 ## - Nome comum usado como assunto
ID Autoridade 3661
Palavra de ordem Crítica Literária.Estudos Literários
675 ## - CDU
Notação 82.09
Edição PT
Língua por
700 ## - Autor principal (pessoa individual)
ID Autoridade 8862
Apelido Reis
Nome Carlos
Datas 1950-
801 ## - Fonte de origem
País PT
Agência BMMN
Regras de catalogação RPC
830 ## - Notas gerais do catalogador
Criado por Vanda
990 ## - Elementos KOHA
Tipo de documento Livro
Exemplares
Situação do levantamento Biblioteca de origem Código de barras Cota Permissão de empréstimo Tipo de documento Forma de aquisição
  Biblioteca Municipal de Montemor-o-Novo 31291 82.09 REI|DEP   Livro Compra

Powered by Koha